|
|
|
|
| LEADER |
01874nam a2200505 a 4500 |
| 001 |
nkc20081787099 |
| 003 |
CZ PrNK |
| 005 |
20080530083654.0 |
| 007 |
ta |
| 008 |
080205s2008 xr ach d f 000 0 cze |
| 015 |
|
|
|a cnb001787099
|
| 020 |
|
|
|a 978-80-7358-101-5
|q (brož.)
|
| 035 |
|
|
|a (OCoLC)228606269
|
| 040 |
|
|
|a ABA001
|b cze
|
| 072 |
|
7 |
|a 82
|x Literatura. Literární život
|2 Konspekt
|9 11
|
| 080 |
|
|
|a 82
|2 MRF
|
| 080 |
|
|
|a 373.5.016
|2 MRF
|
| 080 |
|
|
|a 37.091.274/.275
|2 MRF
|
| 080 |
|
|
|a (035)
|2 MRF
|
| 100 |
1 |
|
|a Čech, Vlastimil
|7 mzk2008433894
|4 aut
|
| 245 |
1 |
0 |
|a Odmaturuj! z literatury :
|b testy /
|c [zpracovali Vlastimil Čech, Olga Mužíková, Pavel Slepička]
|
| 246 |
3 |
|
|i Název v tiráži:
|a Odmaturuj z literatury - Testy
|
| 246 |
3 |
|
|a Odmaturuj! z literatury - testy
|
| 246 |
3 |
|
|a Testy - odmaturuj! z literatury
|
| 250 |
|
|
|a Vyd. 1.
|
| 260 |
|
|
|a Brno :
|b Didaktis,
|c 2008
|
| 300 |
|
|
|a 176 s. :
|b il., portréty, faksim. ;
|c 24 cm
|
| 490 |
1 |
|
|a Odmaturuj!
|
| 650 |
0 |
7 |
|a literatura
|7 ph117222
|2 czenas
|
| 650 |
0 |
7 |
|a učivo středních škol
|7 ph136702
|2 czenas
|
| 650 |
0 |
7 |
|a maturitní otázky
|7 ph136699
|2 czenas
|
| 650 |
0 |
9 |
|a literature
|2 eczenas
|
| 650 |
0 |
9 |
|a secondary school curriculum
|2 eczenas
|
| 650 |
0 |
9 |
|a preparation for high school equivalency examinations
|2 eczenas
|
| 655 |
|
7 |
|a příručky
|7 fd133209
|2 czenas
|
| 655 |
|
9 |
|a handbooks and manuals
|2 eczenas
|
| 700 |
1 |
|
|a Mužíková, Olga,
|d 1978-
|7 mzk2006348503
|4 aut
|
| 700 |
1 |
|
|a Slepička, Pavel,
|d 1978-
|7 ola2006357467
|4 aut
|
| 830 |
|
0 |
|a Odmaturuj!
|0 s
|
| 910 |
2 |
|
|a BOA001
|b 2-1198.317
|
| 990 |
|
|
|a BK
|
| 995 |
|
|
|a 01
|
| 991 |
|
|
|b 200802
|c NOV
|
| 996 |
6 |
|
|b 2610332594
|c 2-1198.317
|l MZK
|r Sklad / do 1 hodiny
|n 16
|p p.v.
|w 000883377
|u 000010
|a 1
|e BOA001
|j MZK50
|s P
|
| 996 |
7 |
|
|b 2610332595
|c 2-1198.317
|l Vol.výběr
|r VV 1p
|n 32
|p p.v.
|h 82 ČEC
|w 000883377
|u 000020
|a 0
|e BOA001
|j MZK50
|s A
|